000 01088nam a22003017a 4500
999 _c665
_d665
001 002037
003 CoMeUDC002037
005 20190111225333.0
008 040627s2004 ck rl 00110 spa d
015 _ack-2004-xxxx
020 _a9589366856
035 _aAHX6299 LA
040 _ala
_cCoMeUDC
041 0 _aspa
043 _as-ck---
082 0 4 _a346.0433
_bB453m
_219 ed.
100 _aBeltrán Amortegui, Alvaro.
_9991
245 1 0 _aManual práctico de reforma de reglamentos :
_bestudio de coeficientes, módulos de contribución, título-actos asambleas, solución de conflictos y jurisprudencia en propiedad horizontal /
_cAlvaro Beltrán Amortegui.
260 _aMedellín :
_bSeñal Editora,
_c2004.
300 _a470 p. ;
_c27 cm.
504 _aIncluye bibliografías e índice.
650 _aPropiedad horizontal
_x Administración
_z Colombia.
650 _aPropiedad horizontal
_x Legislación
_z Colombia.
650 _aPropiedad horizontal
_v Reglamentos.
650 0 _aLegislación en vivienda.
_z Colombia.
_9992
942 _2ddc
_cBK
949 _ac
_bc